Niektoré náhradné zdroje krmív

Bibliographic Details
Main Author: Malík, Viliam, 1912-2012 (Author)
Format: Article
Language:Slovak
PhysicalDescription:Obr. 1.
Subjects:

MARC

LEADER 00000nab a2200000 a 4500
001 vtls000191497
003 SK-MaSNL
005 20260304031141.0
008 140328c1984 xo 0 slo
015 |a SNBRB19rr/mm-uuuuu 
035 |a CL0201610 
040 |a SNKBUCL  |b slo  |c SNKBUCL  |e AACR2 
041 0 |a slo 
044 |a xo  |c SK 
080 |a 636.085  |2 1981 
100 1 |a Malík, Viliam,  |d 1912-2012  |4 aut  |9 66514 
245 1 0 |a Niektoré náhradné zdroje krmív  |c V. Malík 
300 |b Obr. 1. 
650 0 7 |a krmivá  |2 snkbucl  |9 2812 
655 7 |a články z novín a časopisov  |2 snkbucl  |9 267496 
773 0 |t Chovateľ  |g Roč. 20, č. 8 (1984), s. 142 
850 |a Slovenská národná knižnica v Martine  |a MTA001 
852 |a SNK  |b KIS3GCP 
958 |a RK 
992 |a RBX 
999 |c 2636734  |d 2638664